Prepojenie open-source PLC s externým prostredím
Salvato in:
| Autore principale: | |
|---|---|
| Altri autori: | |
| Natura: | Manoscritto Libro |
| Lingua: | slovacco |
| Pubblicazione: |
Bratislava :
STU v Bratislave FEI,
2022
|
| Soggetti: | |
| Accesso online: | https://www.google.com/search?client=firefox-b-d&q=ftv%C5%A1+kni%C5%BEnica |
| Tags: |
Nessun Tag, puoi essere il primo ad aggiungerne!!
|
MARC
| LEADER | 00000ntm a22000003a 4500 | ||
|---|---|---|---|
| 001 | stuzp85888 | ||
| 003 | SK-STU | ||
| 005 | 20230109104256.3 | ||
| 007 | ta | ||
| 008 | 150427s2015----xo-----f-mn---000-0-slo-d | ||
| 040 | |a STU |b slo | ||
| 041 | 0 | |a slo | |
| 044 | |a xo | ||
| 100 | 1 | |a Gajdošíková, Katarína |u 030400 |4 aut |U FEI Fakulta elektrotechniky a informatiky |T FEI Ústav automobilovej mechatroniky |X 73879 |U E400 |Y 642 |7 73879 | |
| 242 | 0 | 1 | |a Cooperation of open-source PLC with external application |y eng |
| 245 | 1 | 0 | |a Prepojenie open-source PLC s externým prostredím |
| 260 | |a Bratislava : |b STU v Bratislave FEI, |c 2022 | ||
| 300 | |a 78 s., príl. | ||
| 650 | 4 | |a rozšírená realita |2 slo | |
| 650 | 4 | |a PLC |2 slo | |
| 650 | 4 | |a OPC UA |2 slo | |
| 650 | 4 | |a Unity |2 slo | |
| 650 | 4 | |a Revolution Pi |2 slo | |
| 650 | 4 | |a Node-Red |2 slo | |
| 650 | 4 | |a MQTT |2 slo | |
| 650 | 4 | |a Node-Red |2 eng | |
| 650 | 4 | |a MQTT |2 eng | |
| 650 | 4 | |a Augmented reality |2 eng | |
| 650 | 4 | |a PLC |2 eng | |
| 650 | 4 | |a OPC UA |2 eng | |
| 650 | 4 | |a Unity |2 eng | |
| 650 | 4 | |a Revolution Pi |2 eng | |
| 700 | 1 | |a Kučera, Erik |u 030400 |k Z1 |4 ths |U FEI Fakulta elektrotechniky a informatiky |T FEI Ústav automobilovej mechatroniky |X 55901 |U E400 |Y 642 |7 A000055901 | |
| 856 | 4 | |u https://www.google.com/search?client=firefox-b-d&q=ftv%C5%A1+kni%C5%BEnica | |